书目信息 |
| 题名: |
中国硬笔书法自学指南
|
|
| 作者: | 王玉孝 , 司惠国 主编 | |
| 分册: | 楷书 | |
| 出版信息: | 北京 世界图书出版公司 2004.01 |
|
| 页数: | 75页 | |
| 开本: | 26cm | |
| 丛书名: | ||
| 单 册: | ||
| 中图分类: | J292.12 | |
| 科图分类: | ||
| 主题词: | 硬笔字--书法--中国--教材 , 硬笔字--楷书--书法--中国--教材 | |
| 电子资源: | ||
| ISBN: | 7-5062-6326-2 | |
| 000 | 00851nam0 2200253 450 | |
| 001 | 0147858026 | |
| 005 | 20050504135116.06 | |
| 010 | @a7-5062-6326-2@d9.00CNY | |
| 100 | @a20050224d2004 km y0chiy0120 ea | |
| 101 | 0 | @achi |
| 102 | @aCN@b110000 | |
| 105 | @ay z 000yy | |
| 200 | 1 | @a中国硬笔书法自学指南@Azhong guo ying bi shu fa zi xue zhi nan@i楷书@f王玉孝,司惠国主编@Fwang yu xiao,si hui guo zhu bian |
| 210 | @a北京@c世界图书出版公司@d2004.01 | |
| 215 | @a75页@d26cm | |
| 330 | @a本书由硬笔书法知识、硬笔楷书技法、硬笔楷书章法、硬笔楷书临帖四部分组成。 | |
| 517 | 1 | @a楷书@Akai shu |
| 606 | 0 | @a硬笔字@x书法@y中国@j教材 |
| 606 | 0 | @a硬笔字@x楷书@x书法@y中国@j教材 |
| 690 | @aJ292.12@v4 | |
| 701 | 0 | @a王玉孝@Awang yu xiao@4主编 |
| 701 | 0 | @a司惠国@Asi hui guo@4主编 |
| 801 | 0 | @aCN@bQSSK@c20050504 |
| 905 | @a10447@dJ292.12@eW447 | |
| 中国硬笔书法自学指南.楷书/王玉孝,司惠国主编.-北京:世界图书出版公司,2004.01 |
| 75页;26cm |
| ISBN 7-5062-6326-2:9.00CNY |
| 本书由硬笔书法知识、硬笔楷书技法、硬笔楷书章法、硬笔楷书临帖四部分组成。 |
| ● |
| 相关链接 |
|
|
|
正题名:中国硬笔书法自学指南
索取号:J292.12/W447
 
预约/预借
| 序号 | 登录号 | 条形码 | 馆藏地/架位号 | 状态 | 备注 |
| 1 | 497993 | 204979933 | 社科库309/ [索取号:J292.12/W447] | 在馆 | |
| 2 | 497994 | 204979942 | 社科库309/309社科库 80排1列1层/ [索取号:J292.12/W447] | 在馆 | |
| 3 | 497995 | 204979951 | 社科库309/309社科库 80排1列1层/ [索取号:J292.12/W447] | 在馆 |